zpět

Detail výsledku týmu

Le fakap - Vypich, Praha

Datum a čas kvízu

38 Celkem bodů Celkový počet nahraných bodů na tomto kvízu bez doplňovacích otázek.
3. Pořadí na kvízu Konečné umístění týmu na tomto kvízu.

Zaznamenané odpovědi

# Otázka Odpověď Body Výsledky
1. Při projednávání programu schů... Alena Schillerová 1
2. Násilná smrt George Floyda ods... Minneapolis 1
3. V neděli se konalo finále pěve... Monika Bagárová 1
4. Který z našich mobilních operá... Vodafone 1
5. První tuzemská tenisová akce p... Petra Kvitová 1
6. Napište výraz čítající osm pís... nanismus 0
7. Tohoto muže nejvíce proslavila... Peter Dinklage 0
8. Mezi hlavní postavy Pevnosti B... Paklíč a Pačes 0.5
9. Příběh o Sněhurce jistě nemusí... Šmudla, Kejchal 1
10. Nejznámější trpasličí planetou... Charón 1